[Event "Montevideo Duchamp Cup 6th"]
[Site "Montevideo"]
[Date "2023.02.09"]
[Round "7"]
[White "Vazquez, Facundo"]
[Black "Piasetski, Leon"]
[Result "1-0"]
[WhiteElo "2329"]
[BlackElo "2217"]
[PlyCount "83"]
[GameId "1880040932270080"]
[EventDate "2023.02.03"]
[EventType "swiss"]
[EventRounds "9"]
[EventCountry "URU"]
[SourceTitle "CBM 212 Extra"]
[Source "ChessBase"]
[SourceDate "2023.03.31"]
[SourceVersion "1"]
[SourceVersionDate "2023.03.31"]
[SourceQuality "1"]

1. d4 Nf6 2. Nc3 d5 3. Bf4 a6 4. e3 e6 5. g4 h6 6. h4 c5 7. Qf3 cxd4 8. exd4 Nc6 9. O-O-O b5 10. g5 b4 11. gxf6 bxc3 12. Qxc3 Bd7 13. fxg7 Bxg7 14. Nf3 Qa5 15. Qxa5 Nxa5 16. Rg1 Bf6 17. Bd3 Ke7 18. Rg3 Bb5 19. h5 Nc6 20. c3 Bxd3 21. Rxd3 Rag8 22. Rd1 Bg5 23. Nxg5 hxg5 24. Rxg5 Rxg5 25. Bxg5+ f6 26. Be3 Rxh5 27. b4 Nb8 28. a4 Nd7 29. a5 Kd6 30. Kc2 Rh8 31. Rg1 Re8 32. Rg7 Kc6 33. Kb3 Rc8 34. Bf4 e5 35. Be3 Re8 36. dxe5 Rxe5 37. Rg8 Kb7 38. Rd8 Re7 39. Bd4 Kc7 40. Ra8 Re6 41. Ra7+ Kc8 42. Bb6 1-0

[Event "Montevideo Duchamp Cup 6th"]
[Site "Montevideo"]
[Date "2023.02.10"]
[Round "8"]
[White "Piasetski, Leon"]
[Black "Esteve, Federico"]
[Result "1/2-1/2"]
[WhiteElo "2217"]
[BlackElo "1962"]
[PlyCount "99"]
[GameId "1880040932540416"]
[EventDate "2023.02.03"]
[EventType "swiss"]
[EventRounds "9"]
[EventCountry "URU"]
[SourceTitle "CBM 212 Extra"]
[Source "ChessBase"]
[SourceDate "2023.03.31"]
[SourceVersion "1"]
[SourceVersionDate "2023.03.31"]
[SourceQuality "1"]

1. c4 e6 2. Nf3 d5 3. d4 Nf6 4. Nc3 Be7 5. Bf4 O-O 6. e3 b6 7. cxd5 Nxd5 8. Nxd5 Qxd5 9. Bxc7 Bb4+ 10. Nd2 Ba6 11. Bxb8 Bxf1 12. Kxf1 Raxb8 13. Nf3 Rbc8 14. g3 g5 15. h3 f5 16. Kg1 h6 17. Rh2 Bd6 18. Nd2 Rc7 19. Qb3 Rfc8 20. Qxd5 exd5 21. f4 Rc1+ 22. Rxc1 Rxc1+ 23. Nf1 a5 24. Rf2 gxf4 25. gxf4 Be7 26. Kg2 Bh4 27. Re2 Kf7 28. Nh2 b5 29. Nf3 Bf6 30. Kf2 a4 31. a3 Ke6 32. Ne5 Rh1 33. Kg2 Rc1 34. Nd3 Rd1 35. Nc5+ Kd6 36. Rc2 Re1 37. Kf2 Bh4+ 38. Kf3 Rh1 39. Kg2 Re1 40. Kf3 Rh1 41. Nb7+ Kd7 42. Kg2 Re1 43. Nc5+ Kd6 44. Nd3 Rxe3 45. Ne5 Bf6 46. Rc6+ Ke7 47. Rc7+ Ke8 48. Rc8+ Ke7 49. Rc7+ Ke8 50. Rc8+ 1/2-1/2

[Event "Montevideo Duchamp Cup 6th"]
[Site "Montevideo"]
[Date "2023.02.11"]
[Round "9"]
[White "Salguero, Rafael"]
[Black "Piasetski, Leon"]
[Result "0-1"]
[WhiteElo "1921"]
[BlackElo "2217"]
[PlyCount "90"]
[GameId "1880040932786176"]
[EventDate "2023.02.03"]
[EventType "swiss"]
[EventRounds "9"]
[EventCountry "URU"]
[SourceTitle "CBM 212 Extra"]
[Source "ChessBase"]
[SourceDate "2023.03.31"]
[SourceVersion "1"]
[SourceVersionDate "2023.03.31"]
[SourceQuality "1"]

1. d4 Nf6 2. c4 e6 3. Nc3 Bb4 4. e3 O-O 5. Bd3 Re8 6. Nge2 d6 7. a3 Bxc3+ 8. Nxc3 e5 9. O-O e4 10. Bc2 c6 11. d5 Bf5 12. b4 c5 13. Bb2 Nbd7 14. Nb5 Ne5 15. bxc5 dxc5 16. Bxe5 Rxe5 17. Qd2 Qd7 18. a4 a6 19. Nc3 Rae8 20. Rab1 Bg4 21. f3 exf3 22. gxf3 Bh3 23. Rfe1 Rg5+ 24. Kh1 Bg2+ 25. Qxg2 Rxg2 26. Kxg2 Re5 27. Ne4 Nxe4 28. Bxe4 Rg5+ 29. Kh1 Qh3 30. f4 Rh5 31. Rb2 f5 32. Bd3 Rh6 33. a5 Qg3 34. Rf1 Qxe3 35. Bxf5 Kf8 36. Kg2 Qd4 37. Rc2 b5 38. axb6 Rxb6 39. Bxh7 g6 40. f5 Qe4+ 41. Kg1 Qxc2 42. fxg6+ Kg7 43. Rf7+ Kh6 44. g7 Rb1+ 45. Rf1 Kxh7 0-1

[Event "American Continental 17th"]
[Site "Juan Dolio"]
[Date "2023.05.16"]
[Round "3"]
[White "Piasetski, Leon"]
[Black "Escalante Ramirez, Brian Sebastian"]
[Result "0-1"]
[WhiteElo "2216"]
[BlackElo "2489"]
[PlyCount "70"]
[GameId "1915535503044608"]
[EventDate "2023.05.15"]
[EventType "swiss"]
[EventRounds "11"]
[EventCountry "DOM"]
[SourceTitle "CBM 214 Extra"]
[Source "ChessBase"]
[SourceDate "2023.07.31"]
[SourceVersion "1"]
[SourceVersionDate "2023.07.31"]
[SourceQuality "1"]

1. Nf3 d5 2. d4 c5 3. e3 cxd4 4. exd4 Nf6 5. Bd3 Bg4 6. c3 Nc6 7. Nbd2 e6 8. Nf1 Bd6 9. Ng3 O-O 10. Be2 Qc7 11. Ng1 Bxe2 12. N1xe2 b5 13. O-O b4 14. Bd2 bxc3 15. Bxc3 h5 16. h4 g6 17. Qd3 Rab8 18. Rfc1 Rfc8 19. b3 Ba3 20. Rd1 Qe7 21. Bd2 Nb4 22. Qf3 Nh7 23. Bf4 Rb6 24. Bc1 Nc2 25. Rb1 Rbc6 26. Bxa3 Nxa3 27. Rbc1 Qxh4 28. Rxc6 Rxc6 29. Qd3 Nf6 30. f3 Qg5 31. Qd2 Qxd2 32. Rxd2 Ne8 33. Kf2 Nd6 34. Nf1 Ndb5 35. Ne3 Kf8 0-1

[Event "American Continental 17th"]
[Site "Juan Dolio"]
[Date "2023.05.20"]
[Round "8"]
[White "Munoz Santana, Jose Lisandro"]
[Black "Piasetski, Leon"]
[Result "1/2-1/2"]
[WhiteElo "2404"]
[BlackElo "2216"]
[PlyCount "103"]
[GameId "1915535503515648"]
[EventDate "2023.05.15"]
[EventType "swiss"]
[EventRounds "11"]
[EventCountry "DOM"]
[SourceTitle "CBM 214 Extra"]
[Source "ChessBase"]
[SourceDate "2023.07.31"]
[SourceVersion "1"]
[SourceVersionDate "2023.07.31"]
[SourceQuality "1"]

1. e4 d6 2. d4 Nf6 3. Nc3 c6 4. f4 Qa5 5. Bd3 e5 6. Nf3 Nbd7 7. O-O Be7 8. Kh1 O-O 9. Ne2 exd4 10. Nfxd4 Nc5 11. Ng3 Bg4 12. Be2 Bxe2 13. Qxe2 Rfe8 14. Bd2 Qb6 15. Nb3 Bf8 16. Nxc5 Qxc5 17. Qd3 b5 18. Bc3 Nh5 19. Nf5 Qc4 20. g4 Nf6 21. Bxf6 gxf6 22. Rfe1 d5 23. Qxc4 dxc4 24. Rad1 Rad8 25. Ng3 Be7 26. Kg2 Kf8 27. Kf3 a5 28. Rxd8 Rxd8 29. Ke2 Bc5 30. Rd1 Rxd1 31. Kxd1 Be3 32. Nh5 Ke7 33. Ke2 Bc1 34. b3 cxb3 35. cxb3 Bb2 36. Kd3 Kd6 37. h4 Kc5 38. g5 fxg5 39. hxg5 Kb4 40. Kc2 Ka3 41. Kb1 Bd4 42. f5 c5 43. Nf4 Be3 44. g6 fxg6 45. fxg6 hxg6 46. Nxg6 c4 47. bxc4 bxc4 48. e5 c3 49. e6 Bg5 50. e7 Bxe7 51. Nxe7 c2+ 52. Kxc2 1/2-1/2

[Event "American Continental 17th"]
[Site "Juan Dolio"]
[Date "2023.05.21"]
[Round "9"]
[White "Piasetski, Leon"]
[Black "Lu, Maximillian"]
[Result "0-1"]
[WhiteElo "2216"]
[BlackElo "2422"]
[PlyCount "115"]
[GameId "1915535503605760"]
[EventDate "2023.05.15"]
[EventType "swiss"]
[EventRounds "11"]
[EventCountry "DOM"]
[SourceTitle "CBM 214 Extra"]
[Source "ChessBase"]
[SourceDate "2023.07.31"]
[SourceVersion "1"]
[SourceVersionDate "2023.07.31"]
[SourceQuality "1"]

1. Nf3 d5 2. d4 c5 3. c4 e6 4. cxd5 exd5 5. g3 Nc6 6. Bg2 Nf6 7. O-O Be7 8. Nc3 h6 9. dxc5 Bxc5 10. Na4 Be7 11. b3 O-O 12. Bb2 Bg4 13. Rc1 Rc8 14. a3 Re8 15. b4 Ne4 16. Qd3 Bf5 17. Qb3 Be6 18. Qd3 Bf5 19. Qb3 Be6 20. Qd3 Nd6 21. b5 Na5 22. Nd4 Nac4 23. Nxe6 fxe6 24. Ba1 Bf6 25. Nc3 Kh8 26. a4 Ne5 27. Qb1 Qa5 28. Rfd1 Rc4 29. e4 Rb4 30. Qc2 d4 31. f4 Ng4 32. Qe2 Ne3 33. e5 Nxd1 34. Nxd1 Rxa4 35. Bb2 Qxb5 36. Qxb5 Nxb5 37. exf6 gxf6 38. Bxb7 Rb4 39. Bf3 a5 40. Rc6 Kg7 41. Ra6 a4 42. Rb6 Rc8 43. Bc6 Rxc6 44. Rxc6 a3 45. Bxa3 Nxa3 46. Rxe6 Rb1 47. Re1 d3 48. Kf2 Nc2 49. Rf1 h5 50. Ne3 Rb2 51. Nxc2 dxc2 52. Rc1 Kg6 53. Ke2 Kf5 54. Kd2 Kg4 55. Rxc2 Rxc2+ 56. Kxc2 Kh3 57. Kb3 Kg4 58. Ka3 0-1

[Event "Teplice op"]
[Site "Teplice"]
[Date "2023.06.11"]
[Round "2"]
[White "Sahidi, Samir"]
[Black "Piasetski, Leon"]
[Result "1-0"]
[WhiteElo "2505"]
[BlackElo "2224"]
[PlyCount "83"]
[GameId "1925221487652864"]
[EventDate "2023.06.10"]
[EventType "swiss"]
[EventRounds "9"]
[EventCountry "CZE"]
[SourceTitle "CBM 214 Extra"]
[Source "ChessBase"]
[SourceDate "2023.07.31"]
[SourceVersion "1"]
[SourceVersionDate "2023.07.31"]
[SourceQuality "1"]

1. e4 d6 2. d4 Nf6 3. Nc3 c6 4. a4 g6 5. Nf3 Bg7 6. Be2 O-O 7. O-O Bg4 8. Be3 Nbd7 9. h3 Bxf3 10. Bxf3 e6 11. a5 d5 12. Bg5 dxe4 13. Nxe4 Qc7 14. a6 b5 15. c3 Rac8 16. Nd2 e5 17. Qc2 Rfe8 18. Rfd1 Qb6 19. Nb3 e4 20. Bg4 Nxg4 21. hxg4 Nf6 22. Bxf6 Bxf6 23. Re1 e3 24. Rxe3 Rxe3 25. fxe3 Re8 26. e4 Bg5 27. Qd3 Qc7 28. Qf3 f6 29. Nc5 Qf4 30. Qxf4 Bxf4 31. Kf2 Bd6 32. Nb7 Bc7 33. Ke3 Kg7 34. Rh1 Bb6 35. Kd3 Rh8 36. b3 h5 37. gxh5 gxh5 38. c4 bxc4+ 39. bxc4 h4 40. c5 Bc7 41. Kc4 Bg3 42. Na5 1-0

[Event "Teplice op"]
[Site "Teplice"]
[Date "2023.06.14"]
[Round "5"]
[White "Rasik, Vitezslav"]
[Black "Piasetski, Leon"]
[Result "1/2-1/2"]
[WhiteElo "2416"]
[BlackElo "2224"]
[PlyCount "128"]
[GameId "1925221488066560"]
[EventDate "2023.06.10"]
[EventType "swiss"]
[EventRounds "9"]
[EventCountry "CZE"]
[SourceTitle "CBM 214 Extra"]
[Source "ChessBase"]
[SourceDate "2023.07.31"]
[SourceVersion "1"]
[SourceVersionDate "2023.07.31"]
[SourceQuality "1"]

1. e4 d6 2. d4 Nf6 3. Nc3 c6 4. f4 Qa5 5. Bd3 e5 6. Nf3 Nbd7 7. O-O Be7 8. Be3 O-O 9. Qe1 Re8 10. Nd5 Qxe1 11. Nxe7+ Rxe7 12. Raxe1 Ng4 13. fxe5 dxe5 14. Bg5 f6 15. Bd2 exd4 16. Nxd4 Nb6 17. Nf3 Ne5 18. Nxe5 fxe5 19. Bb4 Re8 20. Bd6 Be6 21. b3 Rad8 22. Bxe5 Bc4 23. Bxc4+ Nxc4 24. Bc3 Nd6 25. Rf4 Nb5 26. Bb2 c5 27. Kf2 Nd4 28. Bxd4 Rxd4 29. Re2 b6 30. c3 Rd3 31. Rf3 Rd1 32. Rf5 Rd3 33. Rf3 Rd1 34. Rf5 Rd3 35. c4 Re7 36. Rd5 Rc3 37. Ke1 Rc1+ 38. Rd1 Rxd1+ 39. Kxd1 Kf7 40. Kd2 Rd7+ 41. Ke3 Rd1 42. Rd2 Re1+ 43. Kf2 Rxe4 44. Rd7+ Re7 45. Rxe7+ Kxe7 46. Ke3 Ke6 47. Ke4 g6 48. Kf4 Kf6 49. Ke4 Ke6 50. Kf4 Kf6 51. Kg4 h6 52. Kf4 Ke6 53. Ke4 Kd6 54. h3 Ke6 55. h4 h5 56. Kf4 Kf6 57. Ke4 g5 58. g3 gxh4 59. gxh4 Ke6 60. Kf4 Kf6 61. a3 a6 62. Ke4 Ke6 63. Kf4 Kf6 64. Ke4 Ke6 1/2-1/2

[Event "Teplice op"]
[Site "Teplice"]
[Date "2023.06.17"]
[Round "8"]
[White "Piasetski, Leon"]
[Black "Trost, Edvin"]
[Result "1/2-1/2"]
[WhiteElo "2224"]
[BlackElo "2399"]
[PlyCount "84"]
[GameId "1925221488422912"]
[EventDate "2023.06.10"]
[EventType "swiss"]
[EventRounds "9"]
[EventCountry "CZE"]
[SourceTitle "CBM 214 Extra"]
[Source "ChessBase"]
[SourceDate "2023.07.31"]
[SourceVersion "1"]
[SourceVersionDate "2023.07.31"]
[SourceQuality "1"]

1. Nf3 Nf6 2. c4 e6 3. d4 d5 4. Nc3 Ne4 5. Qc2 Nxc3 6. Qxc3 a5 7. Bg5 Qxg5 8. Nxg5 Bb4 9. e3 Bxc3+ 10. bxc3 dxc4 11. Bxc4 b6 12. Bb5+ Ke7 13. Ke2 a4 14. Nf3 Ra5 15. Bd3 Bb7 16. Nd2 Nd7 17. f4 g5 18. Be4 Bxe4 19. Nxe4 gxf4 20. exf4 Nf6 21. Nxf6 Kxf6 22. Rab1 Rd8 23. Ke3 Rd6 24. c4 h5 25. g3 Ra8 26. Rhd1 Rad8 27. Ke4 c5 28. d5 Re8 29. Kf3 Red8 30. Ke4 a3 31. Rb3 Ra8 32. Rdb1 Ra4 33. Kf3 Rxc4 34. dxe6 Rxe6 35. Rxa3 Rd4 36. Re3 Rdd6 37. a4 Rxe3+ 38. Kxe3 Ke6 39. Rb5 Kd5 40. a5 bxa5 41. Rxa5 Kc4 42. Ra7 Rf6 1/2-1/2

[Event "Teplice op"]
[Site "Teplice"]
[Date "2023.06.18"]
[Round "9"]
[White "Roubalik, Jakub"]
[Black "Piasetski, Leon"]
[Result "1-0"]
[WhiteElo "2388"]
[BlackElo "2224"]
[PlyCount "65"]
[GameId "1925221488558080"]
[EventDate "2023.06.10"]
[EventType "swiss"]
[EventRounds "9"]
[EventCountry "CZE"]
[SourceTitle "CBM 214 Extra"]
[Source "ChessBase"]
[SourceDate "2023.07.31"]
[SourceVersion "1"]
[SourceVersionDate "2023.07.31"]
[SourceQuality "1"]

1. d4 Nf6 2. c4 e6 3. Nf3 b6 4. a3 Ba6 5. Qc2 c5 6. e4 cxd4 7. e5 Ng8 8. Nxd4 Bb7 9. Nc3 Nc6 10. Nxc6 Bxc6 11. Bf4 Ne7 12. O-O-O Ng6 13. Bg3 Be7 14. Kb1 f5 15. exf6 gxf6 16. h4 O-O 17. h5 Nh8 18. Nd5 exd5 19. cxd5 Bb7 20. d6 Rc8 21. Qb3+ Rf7 22. dxe7 Qxe7 23. Bc4 Qe4+ 24. Bd3 Qe6 25. Qb4 a5 26. Qd4 Re7 27. Bh4 Nf7 28. Bxf6 Ree8 29. Rh3 Ne5 30. Rg3+ Kf7 31. Bxe5 Qxe5 32. Qxe5 Rxe5 33. Bxh7 1-0

[Event "Redmond PNWCC Artist 2"]
[Site "Redmond"]
[Date "2023.08.30"]
[Round "2.5"]
[White "Thomas, Damarcus T"]
[Black "Piasetski, Leon"]
[Result "0-1"]
[WhiteElo "1685"]
[BlackElo "2218"]
[PlyCount "74"]
[GameId "1961207439478784"]
[EventDate "2023.08.29"]
[EventType "schev"]
[EventRounds "10"]
[EventCountry "USA"]
[SourceTitle "CBM 216 Extra"]
[Source "ChessBase"]
[SourceDate "2023.11.30"]
[SourceVersion "1"]
[SourceVersionDate "2023.11.30"]
[SourceQuality "1"]
[WhiteTeam "Challengers"]
[BlackTeam "Masters"]
[WhiteTeamCountry "USA"]
[BlackTeamCountry "USA"]

1. e4 g6 2. c4 c5 3. Nc3 Bg7 4. g3 Nc6 5. Bg2 d6 6. Nge2 Bd7 7. O-O Qc8 8. Nf4 h5 9. Nfd5 Nd4 10. d3 h4 11. Bf4 Bh6 12. Qd2 Kf8 13. Rae1 Bh3 14. Bxh6+ Rxh6 15. f4 hxg3 16. f5 Bxg2 17. Qxg2 gxf5 18. hxg3 e6 19. Ne3 Ne7 20. exf5 Nexf5 21. Nxf5 Nxf5 22. g4 Rg6 23. Ne4 Kg7 24. Qf3 Qh8 25. Re2 Kf8 26. Rg2 Qd4+ 27. Rff2 Nh6 28. Rh2 Rxg4+ 29. Kf1 Nf5 30. Rh5 Qg7 31. Rxf5 Rg1+ 32. Ke2 Qxb2+ 33. Nd2 exf5 34. Qxf5 Re8+ 35. Kf3 Qd4 36. Ne4 Qxd3+ 37. Kf4 Rxe4+ 0-1

[Event "Redmond PNWCC Artist 2"]
[Site "Redmond"]
[Date "2023.08.31"]
[Round "3.5"]
[White "He, Anthony B"]
[Black "Piasetski, Leon"]
[Result "1-0"]
[WhiteElo "2515"]
[BlackElo "2218"]
[PlyCount "73"]
[GameId "1961207439499264"]
[EventDate "2023.08.29"]
[EventType "schev"]
[EventRounds "10"]
[EventCountry "USA"]
[SourceTitle "CBM 216 Extra"]
[Source "ChessBase"]
[SourceDate "2023.11.30"]
[SourceVersion "1"]
[SourceVersionDate "2023.11.30"]
[SourceQuality "1"]
[WhiteTeam "Challengers"]
[BlackTeam "Masters"]
[WhiteTeamCountry "USA"]
[BlackTeamCountry "USA"]

1. e4 e6 2. d4 d5 3. e5 c5 4. c3 Nc6 5. Nf3 Bd7 6. Be2 Nge7 7. Na3 Nf5 8. Nc2 cxd4 9. cxd4 Be7 10. O-O O-O 11. Bd3 f6 12. Bxf5 exf5 13. Re1 fxe5 14. dxe5 Be6 15. Ncd4 Nxd4 16. Qxd4 h6 17. Be3 Qd7 18. h4 b6 19. Qf4 Rac8 20. b3 Ba3 21. Re2 Rc7 22. Rd1 Rfc8 23. Red2 Rc1 24. Kh2 Rxd1 25. Rxd1 Rc2 26. Qg3 Kh7 27. h5 Bf7 28. Nd4 Bxh5 29. Nxc2 Bxd1 30. Nxa3 d4 31. e6 Qd5 32. e7 Bh5 33. Bf4 g5 34. Bd2 Qc5 35. Qh3 Qd6+ 36. Kg1 Qxa3 37. Qxf5+ 1-0

[Event "Redmond PNWCC Artist 2"]
[Site "Redmond"]
[Date "2023.09.01"]
[Round "4.5"]
[White "Piasetski, Leon"]
[Black "He, Anthony B"]
[Result "0-1"]
[WhiteElo "2218"]
[BlackElo "2515"]
[PlyCount "122"]
[GameId "1961207439519744"]
[EventDate "2023.08.29"]
[EventType "schev"]
[EventRounds "10"]
[EventCountry "USA"]
[SourceTitle "CBM 216 Extra"]
[Source "ChessBase"]
[SourceDate "2023.11.30"]
[SourceVersion "1"]
[SourceVersionDate "2023.11.30"]
[SourceQuality "1"]
[WhiteTeam "Masters"]
[BlackTeam "Challengers"]
[WhiteTeamCountry "USA"]
[BlackTeamCountry "USA"]

1. Nf3 d5 2. c4 d4 3. b4 f6 4. Na3 e5 5. Nc2 a5 6. b5 Nh6 7. d3 Nf5 8. g3 Nd7 9. Bg2 Be7 10. Nd2 O-O 11. O-O Rb8 12. Ne4 Nc5 13. Nxc5 Bxc5 14. e3 dxe3 15. fxe3 Be6 16. Qe2 Qe7 17. a4 b6 18. Ba3 Rbd8 19. Kh1 Bxa3 20. Rxa3 Qf7 21. Rc3 h5 22. Bf3 g6 23. Qg2 Kg7 24. Bd5 Qd7 25. e4 Nd6 26. Bc6 Qc8 27. Qe2 Bh3 28. Rg1 Nf7 29. Ne3 Ng5 30. g4 hxg4 31. Nxg4 Bxg4 32. Qxg4 Qxg4 33. Rxg4 Ne6 34. Bd5 Nc5 35. Ra3 Rh8 36. Rg3 Rh4 37. Kg2 Rdh8 38. h3 Rf4 39. Ra2 g5 40. Ra1 Kf8 41. Ra3 Ke7 42. Kg1 Kd6 43. Kg2 Rh6 44. Kg1 Nd7 45. Bc6 Nf8 46. c5+ bxc5 47. Bd5 Rfh4 48. Rb3 Nd7 49. Kg2 Nb6 50. Bc6 Rf4 51. Rc3 Rhh4 52. Rc1 g4 53. hxg4 Rhxg4 54. Rxg4 Rxg4+ 55. Kf3 Rh4 56. Rg1 Nxa4 57. Ra1 Nb2 58. Rxa5 Nxd3 59. Ra8 c4 60. Ke3 Rh3+ 61. Kd2 Nb4 0-1

[Event "Redmond PNWCC Artist 2"]
[Site "Redmond"]
[Date "2023.09.02"]
[Round "6.5"]
[White "Vemparala, Nikash"]
[Black "Piasetski, Leon"]
[Result "1-0"]
[WhiteElo "2187"]
[BlackElo "2218"]
[PlyCount "75"]
[GameId "1961207439560704"]
[EventDate "2023.08.29"]
[EventType "schev"]
[EventRounds "10"]
[EventCountry "USA"]
[SourceTitle "CBM 216 Extra"]
[Source "ChessBase"]
[SourceDate "2023.11.30"]
[SourceVersion "1"]
[SourceVersionDate "2023.11.30"]
[SourceQuality "1"]
[WhiteTeam "Challengers"]
[BlackTeam "Masters"]
[WhiteTeamCountry "USA"]
[BlackTeamCountry "USA"]

1. e4 g6 2. d4 Bg7 3. Nf3 d6 4. c3 Nf6 5. Bd3 O-O 6. O-O Nc6 7. h3 Nd7 8. Bc2 e5 9. Be3 Nb6 10. Qe2 Qe7 11. a4 exd4 12. cxd4 d5 13. Nc3 dxe4 14. Bxe4 a5 15. Rfe1 Be6 16. Rad1 Bb3 17. Bc2 Bxc2 18. Qxc2 Nb4 19. Qb3 c6 20. Bg5 Qd7 21. Be7 Rfe8 22. Bxb4 axb4 23. Qxb4 Nd5 24. Nxd5 cxd5 25. b3 Re4 26. Ng5 Rxe1+ 27. Rxe1 Bf8 28. Qc3 Rc8 29. Qe3 Bh6 30. Qg3 Bg7 31. Qd3 Qc7 32. Nf3 Qf4 33. Qb5 Rc1 34. Qxd5 Rxe1+ 35. Nxe1 Bxd4 36. Nf3 Qf6 37. Qxb7 h5 38. Qd5 1-0

[Event "Redmond PNWCC Artist 2"]
[Site "Redmond"]
[Date "2023.09.03"]
[Round "7.5"]
[White "Vijayakumar, Advaith"]
[Black "Piasetski, Leon"]
[Result "1-0"]
[WhiteElo "2024"]
[BlackElo "2218"]
[PlyCount "69"]
[GameId "1961207439581184"]
[EventDate "2023.08.29"]
[EventType "schev"]
[EventRounds "10"]
[EventCountry "USA"]
[SourceTitle "CBM 216 Extra"]
[Source "ChessBase"]
[SourceDate "2023.11.30"]
[SourceVersion "1"]
[SourceVersionDate "2023.11.30"]
[SourceQuality "1"]
[WhiteTeam "Challengers"]
[BlackTeam "Masters"]
[WhiteTeamCountry "USA"]
[BlackTeamCountry "USA"]

1. d4 Nf6 2. c4 e6 3. Nc3 Bb4 4. e3 b6 5. Bd2 Bb7 6. Nf3 O-O 7. Bd3 c5 8. a3 Bxc3 9. Bxc3 Ne4 10. Bxe4 Bxe4 11. dxc5 bxc5 12. Qd6 Nc6 13. Qxc5 d6 14. Qg5 e5 15. Qxd8 Rfxd8 16. Ke2 f6 17. Rhd1 Kf7 18. Rac1 a5 19. g4 g5 20. h4 h6 21. Nd2 Bg6 22. hxg5 hxg5 23. b4 a4 24. Nf1 f5 25. gxf5 Bh5+ 26. f3 e4 27. Nh2 Ne5 28. Bxe5 dxe5 29. Ng4 Bxg4 30. fxg4 Rh8 31. Rh1 Rad8 32. c5 Rxh1 33. Rxh1 Rd3 34. Rc1 Rxa3 35. c6 1-0

[Event "Redmond PNWCC Artist 2"]
[Site "Redmond"]
[Date "2023.09.03"]
[Round "8.5"]
[White "Piasetski, Leon"]
[Black "Vijayakumar, Advaith"]
[Result "1/2-1/2"]
[WhiteElo "2218"]
[BlackElo "2024"]
[PlyCount "139"]
[GameId "1961207439601664"]
[EventDate "2023.08.29"]
[EventType "schev"]
[EventRounds "10"]
[EventCountry "USA"]
[SourceTitle "CBM 216 Extra"]
[Source "ChessBase"]
[SourceDate "2023.11.30"]
[SourceVersion "1"]
[SourceVersionDate "2023.11.30"]
[SourceQuality "1"]
[WhiteTeam "Masters"]
[BlackTeam "Challengers"]
[WhiteTeamCountry "USA"]
[BlackTeamCountry "USA"]

1. Nf3 Nf6 2. c4 e6 3. b3 d5 4. Bb2 Be7 5. e3 O-O 6. d4 c5 7. Bd3 Nc6 8. O-O b6 9. Nbd2 Bb7 10. Rc1 Rc8 11. Qe2 cxd4 12. exd4 Nd7 13. Rfd1 Bd6 14. Nf1 Qe7 15. Ne3 Nf6 16. Bb1 Ba3 17. c5 Bxb2 18. Qxb2 bxc5 19. dxc5 a5 20. a3 Ba6 21. Nd4 Qb7 22. Nxc6 Rxc6 23. Rd4 Rfc8 24. Ng4 Nxg4 25. Rxg4 f5 26. Rg3 Rxc5 27. Re1 Qc7 28. Rge3 Rc6 29. h3 Kf7 30. Re5 g6 31. Qd2 Bb7 32. Bd3 Ba6 33. Bxa6 Rxa6 34. Qh6 Kg8 35. Rxe6 Rxe6 36. Rxe6 d4 37. Re1 d3 38. Qe3 Rd8 39. Rd1 d2 40. g3 Qd6 41. Kh2 Kf8 42. Qh6+ Kg8 43. Qe3 h5 44. h4 Kf8 45. Kg2 Qd5+ 46. Kh2 Qd6 47. Kg2 Rd7 48. Qh6+ Kf7 49. Qe3 Qd5+ 50. Kh2 Qd6 51. Kg2 Qd3 52. Qh6 Qxb3 53. Rxd2 Rxd2 54. Qxd2 Qxa3 55. Qd5+ Kg7 56. Qe5+ Kh7 57. Qc7+ Kh6 58. Qf4+ Kg7 59. Qe5+ Kf7 60. Qd5+ Ke7 61. Qe5+ Kf7 62. Qd5+ Kf8 63. Qd8+ Kg7 64. Qd4+ Kh7 65. Qa7+ Kh6 66. Qd4 Kh7 67. Qd7+ Kh6 68. Qd2+ Kg7 69. Qd4+ Kf8 70. Qd8+ 1/2-1/2

[Event "Redmond PNWCC Artist 2"]
[Site "Redmond"]
[Date "2023.09.04"]
[Round "9.5"]
[White "Piasetski, Leon"]
[Black "Bian, Erin"]
[Result "0-1"]
[WhiteElo "2218"]
[BlackElo "2010"]
[PlyCount "66"]
[GameId "1961207439622144"]
[EventDate "2023.08.29"]
[EventType "schev"]
[EventRounds "10"]
[EventCountry "USA"]
[SourceTitle "CBM 216 Extra"]
[Source "ChessBase"]
[SourceDate "2023.11.30"]
[SourceVersion "1"]
[SourceVersionDate "2023.11.30"]
[SourceQuality "1"]
[WhiteTeam "Masters"]
[BlackTeam "Challengers"]
[WhiteTeamCountry "USA"]
[BlackTeamCountry "USA"]

1. c4 e5 2. Nc3 Bb4 3. Nd5 a5 4. Nf3 d6 5. a3 Bc5 6. e3 Nf6 7. d4 Nxd5 8. cxd5 exd4 9. exd4 Bb6 10. Bg5 f6 11. Be3 O-O 12. Bd3 f5 13. g3 Qf6 14. h4 Bd7 15. Bc4 f4 16. gxf4 Bg4 17. Be2 h6 18. Rg1 Qf5 19. Qd2 Qh5 20. Rxg4 Qxg4 21. O-O-O Qf5 22. h5 Qxh5 23. Qc2 Qf5 24. Bd3 Qh3 25. Bh7+ Kh8 26. Rg1 Qxf3 27. Qg6 Bxd4 28. Bxd4 Qxf4+ 29. Be3 Qf6 30. Qc2 Nd7 31. Kb1 Rae8 32. Qxc7 Kxh7 33. Qxd7 Qf5+ 0-1

[Event "Redmond PNWCC Artist 2"]
[Site "Redmond"]
[Date "2023.09.04"]
[Round "10.5"]
[White "Bian, Erin"]
[Black "Piasetski, Leon"]
[Result "1-0"]
[WhiteElo "2010"]
[BlackElo "2218"]
[PlyCount "55"]
[GameId "1961207439642624"]
[EventDate "2023.08.29"]
[EventType "schev"]
[EventRounds "10"]
[EventCountry "USA"]
[SourceTitle "CBM 216 Extra"]
[Source "ChessBase"]
[SourceDate "2023.11.30"]
[SourceVersion "1"]
[SourceVersionDate "2023.11.30"]
[SourceQuality "1"]
[WhiteTeam "Challengers"]
[BlackTeam "Masters"]
[WhiteTeamCountry "USA"]
[BlackTeamCountry "USA"]

1. e4 g6 2. d4 Bg7 3. Nf3 d6 4. Be3 Nf6 5. Nc3 O-O 6. Qd2 Ng4 7. Bg5 f6 8. h3 Nxf2 9. Qxf2 fxg5 10. Bc4+ e6 11. Qe3 Nc6 12. O-O-O a6 13. a3 b5 14. Ba2 Qf6 15. Nd5 exd5 16. Bxd5+ Kh8 17. Bxc6 Rb8 18. Nxg5 Rb6 19. Bd5 c6 20. Bb3 Rb7 21. e5 Qe7 22. Rhf1 d5 23. Kb1 b4 24. axb4 Rxb4 25. Rxf8+ Qxf8 26. Qc3 Bd7 27. e6 Be8 28. e7 1-0